000
00301nam a22001337a 4500
008
170607b xxu||||| |||| 00| 0 eng d
020
_a
053456452
041
_a
eng
080
_2
7TH
_a
328
100
_a
18
101
_a
SHP
245
_a
UNDERTSANDING AMERICAN GOVERNMENT
_c
WELCH,S
942
_2
udc
_c
BK
999
_c
16252
_d
16252